000
00294nam a22001331a 4500
001
19020
003
OSt
005
20260204212434.0
008
190122s2017||||dr ||||||b||||||||||spa||
090
_a
PGE-2017-015
100
_a
Pérez Garc
264
_a
República Dominicana :Ì
942
_2
ddc
_c
TH
999
_c
19020
_d
19020